000
00309nam a2200133Ia 4500
005
20251222144902.0
008
251222s9999||||xx |||||||||||||| ||spa||
020
_a
84-7844-606-0
082
_a
891.36/S79
100
_a
Steiner, George
245
0
_a
Tolstói o Dostoievski
264
_b
Siruela
942
_c
LIB
999
_c
22016
_d
22016